LIBRARY & INFORMATION CENTRE, KCAET, TAVANUR

ONLINE PUBLIC ACCESS CATALOGUE (OPAC)

Albert Einstein: Theoretical physicist / (Record no. 7649)

MARC details
000 -LEADER
fixed length control field 00431cam a2200169ua 4500
041 ## - LANGUAGE CODE
Language code of text/sound track or separate title eng
082 ## - DEWEY DECIMAL CLASSIFICATION NUMBER
Classification number 925.3
Item number FOR/AL
100 ## - MAIN ENTRY--AUTHOR NAME
Personal name Forsee, Aylesa .
245 ## - TITLE STATEMENT
Title Albert Einstein: Theoretical physicist /
250 ## - EDITION STATEMENT
Edition statement 1 /
260 ## - PUBLICATION, DISTRIBUTION, ETC. (IMPRINT)
Place of publication New York :
Name of publisher McMillan and company ,
Year of publication 1964.
300 ## - PHYSICAL DESCRIPTION
Number of Pages 202 ; .
500 ## - GENERAL NOTE
General note **Reference
942 ## - ADDED ENTRY ELEMENTS (KOHA)
Koha item type Books
Holdings
Withdrawn status Lost status Damaged status Home library Current library Date acquired Full call number Accession Number Koha item type
      KAUAET KAUAET 07/04/2012 925.3 7988 Reference
free website counter